It looks like you're offline.
Open Library logo
additional options menu

MARC Record from Library of Congress

Record ID marc_loc_2016/BooksAll.2016.part01.utf8:27780950:1234
Source Library of Congress
Download Link /show-records/marc_loc_2016/BooksAll.2016.part01.utf8:27780950:1234?format=raw

LEADER: 01234cam a2200289 a 4500
001 00044078
003 DLC
005 20060721181842.0
008 000530s2000 cauab f 001 0 eng
010 $a 00044078
020 $a0761525661
040 $aDLC$cDLC$dDLC
043 $an-us-ca
050 00 $aF869.L83$bS45 2000
082 00 $a917.94/940454$221
100 1 $aSeidman, David.
245 10 $aRelocating to Los Angeles and Orange County :$beverything you need to know before you move and after you get there! /$cDavid Seidman.
260 $aRoseville, Calif. :$bPrima Pub.,$cc2000.
300 $axxii, 420 p. :$bill., maps ;$c22 cm.
500 $aIncludes index.
651 0 $aLos Angeles (Calif.)$vGuidebooks.
650 0 $aMoving, Household$zCalifornia$zLos Angeles$vHandbooks, manuals, etc.
651 0 $aOrange County (Calif.)$vGuidebooks.
650 0 $aMoving, Household$zCalifornia$zOrange County$vHandbooks, manuals, etc.
856 41 $3Table of contents only$uhttp://www.loc.gov/catdir/toc/fy0602/00044078.html
856 42 $3Contributor biographical information$uhttp://www.loc.gov/catdir/enhancements/fy0610/00044078-b.html
856 42 $3Publisher description$uhttp://www.loc.gov/catdir/enhancements/fy0610/00044078-d.html